Bridging Social Divides in India and beyond/ (Record no. 216340)

MARC details
000 -LEADER
fixed length control field 00614nam a22002057a 4500
005 - DATE AND TIME OF LATEST TRANSACTION
control field 20260521151206.0
010 ## - LCCN (DPL NO)
LC control number ENG-148554
020 ## - INTERNATIONAL STANDARD BOOK NUMBER
International Standard Book Number 9788175102453
Terms of availability 600.00
035 ## - SYSTEM CONTROL NUMBER
System control number EN-132086
037 ## - SOURCE OF ACQUISITION
Source of stock number/acquisition DBAD
082 ## - DEWEY DECIMAL CLASSIFICATION NUMBER
Classification number 303.6
245 ## - TITLE STATEMENT
Title Bridging Social Divides in India and beyond/
Statement of responsibility, etc Edited by Arjun Bhardwaj...[et.al]
250 ## - EDITION STATEMENT
Edition statement 1
260 ## - PUBLICATION, DISTRIBUTION, ETC. (IMPRINT)
Place of publication, distribution, etc New Delhi
Name of publisher, distributor, etc Reliance Publishing House
Date of publication, distribution, etc 2005
270 ## - ADDRESS
Address 6/1 South Patel nagar
City New Delhi
Postal code 110008
Telephone number 011-25708428
300 ## - PHYSICAL DESCRIPTION
Extent 157p.
Dimensions 23cm(hb)
700 ## - ADDED ENTRY--PERSONAL NAME
Personal name Chopra, P.N.
700 ## - ADDED ENTRY--PERSONAL NAME
Personal name Chopra, Prabha
942 ## - ADDED ENTRY ELEMENTS (KOHA)
Source of classification or shelving scheme Dewey Decimal Classification
Item type English Books
Classification part 303.6
Call number suffix BRI
Holdings
Withdrawn status Lost status Not for loan Collection code Home library Current library Date acquired Source of acquisition Cost, normal purchase price Full call number Barcode Copy number Cost, replacement price Koha item type
      Non-fiction Tri Nagar Tri Nagar 21/05/2026 Delivery of Books Act Division 600.00 303.6 BRI EN-132086 1 600.00 English Books

© Delhi Public Library
Hit Counter
free hit counter